000 01503nam a2200385 a 4500
003 BLK
005 20250417133353.0
008 180411b bul|||||r ||||||| ||bul||
020 _a9786192405748
040 _aBLK
041 _aBUL
_cBUL
080 _aГинекология. Акушерство. Използват се спец. опред. към 616 (-001/-009;-01/-09;-7)
_b618
_z618
084 _aГ 83
100 1 _aГримо, Елен
_956392
245 1 0 _aЧакаме бебе
_cЕлен Гримо, Емили Бомон ; ил. Мадлен Брюнеле ; прев. Борис Христов.
260 _aСофия
_bПАН
_c2022
300 _a20 с.
_bс цв. ил.
_c23 см
380 _aDN
490 _9205918
_aЕнциклопедия за най-малките
653 7 _9190721
_aмедицина
653 7 _9180548
_aакушерство
653 7 _9182417
_aбременност
653 7 _9195152
_aраждане
653 7 _9182118
_aблизнаци
653 0 _9471119
_aдетски книги
700 _aБомон, Емили
_eсъавт.
_91445
700 _aБрюнеле, Мадлен
_eил.
_9481523
700 _aХристов, Борис
_eпрев.
_9266250
852 _bД
_cДН 61/Г 83 Е
852 _aЦб 317516
_bЦб
856 _i0.00
_ldisable
942 _cKNG
_n0
_s1
_023
944 _aCR
_c2022-10-06
_k30537
_lГрета Цуфелде
999 _c475248
_d475248